000 00260nam a2200109Ia 4500
008 231212s1977 xx 000 0 und d
041 _aeng
082 _a621.8
100 _aYepifanov G.I.
245 _aIntroduction to Solid
260 _aMascow
_bMir Pub
_c1977
999 _c958501
_d958501